000 00532nam a2200181Ia 4500
005 20250326125632.0
008 250326s9999 xx 000 0 und d
037 _aTextbook
040 _aFMSL
_beng
_cFMSL
041 _aeng
_2eng
084 _aX*(A):8 K9
_qFMSL
100 _aUllmann J E
_9735797
245 0 _aManufacturing management: overview
_cUllmann J E; Gluck S E
260 _aLondon Holt
_bLondon Holt, Rinehart And Winston
_c1969
300 _a143p
942 _cTB
_hX*(A):8 K9
999 _c1278889
_d1278889